Sports Quiz

Random Sports or Football Quiz

Minnesota Vikings 2017 Name Matching Quiz Stats

 Plays Quiz not verified by Sporcle

Score 0/62 Timer 06:00
0 Plays Today
% Correct
Adam
93.4%
Case
93.3%
Stefon
93.2%
Teddy
92.9%
Anthony
90%
Kyle
89.6%
Xavier
89.4%
Dalvin
89.2%
Sam
89.1%
Latavius
88.6%
Everson
87%
Jerick
86.2%
Laquon
85.5%
Kai
85.1%
Linval
81.5%
Andrew
80.7%
Harrison
80.4%
Trae
80.3%
Terence
78.6%
Eric
78.4%
Danielle
77.3%
Riley
75%
Pat
73.2%
Jarius
72.7%
Mackensie
71.6%
Marcus
71.4%
C.J.
68.9%
Sharrif
67.4%
Mike or Michael
66.7%
Brian
66.6%
Joe
64.5%
% Correct
Nick
63.6%
Bishop
62.7%
Ryan
61.4%
Ben
60%
Mike or Michael
58.3%
Jayron
57.6%
Kentrell
57.2%
Taylor
56.1%
Stacy
53.7%
Tom
52.2%
Jeremiah
52.1%
Antone
50.4%
Anthony
48.2%
Bucky
48.2%
Tramaine
47.9%
Shamar
47.4%
David
47.1%
Danny
46.3%
Emmanuel
45.9%
Rashod
45.3%
Stephen
45.2%
Kevin
43.2%
Rodney
42%
Jaleel
41%
Datone
40.9%
Blake
37.6%
Aviante
37.2%
Tashawn
33%
Eric
27.6%
R.J.
20.6%
Shaan
13.6%

You're not logged in!

Compare scores with friends on all Sporcle quizzes.
OR
Log In

Sporcle TV

Today on Sporcle TV


Watch our educational content, quiz creation guides, and fun videos on Sporcle TV.

Show Comments

Extras

Top Quizzes Today


Score Distribution

Your Account Isn't Verified!

In order to create a playlist on Sporcle, you need to verify the email address you used during registration. Go to your Sporcle Settings to finish the process.

Report this User

Report this user for behavior that violates our Community Guidelines.

Details: